| 000 | 00552nam a2200121Ia 4500 | ||
|---|---|---|---|
| 008 | 220615s9999||||xx |||||||||||||| ||und|| | ||
| 100 | _aLangtangen, Hans Petter||Pedersen, Geir K. | ||
| 245 | 0 | _aScaling of Differential Equations | |
| 546 | _aEnglish[eng] | ||
| 650 | _aDifferential equations||Simulation and modeling | ||
| 856 | _uhttps://library.oapen.org/bitstream/20.500.12657/27975/1/1002024.pdf||https://library.oapen.org/bitstream/20.500.12657/27975/1/1002024.pdf||https://library.oapen.org/bitstream/20.500.12657/27975/1/1002024.pdf | ||
| 942 | _cEB | ||
| 999 |
_c8567 _d8567 |
||